Law of ownership of property and investigation of title

Bibliographic Details
Main Author: Verma, J. C. (Author)
Format: Book
Language:English
Published: New Delhi : Bharal Law House 1988
Edition:Second Edition
Subjects:

MARC

LEADER 00000cam a2200000 7i4500
001 0000002441
005 20240925.0
008 991130 ii eng
020 |a 8185224099 
040 |a INS   |b eng   |e rda 
090 0 0 |a KD109   |b V58 1988 
100 1 |a Verma, J. C. ,   |e author 
245 1 0 |a Law of ownership of property and investigation of title   |c Dr. J. C. Verma 
250 |a Second Edition 
264 1 |a New Delhi :   |b Bharal Law House   |c 1988 
300 |a 560 pages ;   |c 25 cm. 
336 |a text  |2 rdacontent 
337 |a unmediated  |2 rdamedia 
338 |a volume  |2 rdacarrier 
650 0 |a Acquisition of property 
999 |a 0000003612   |b BOOK   |c Open Shelf   |e Default branch